| 000 | 00518nam a22001817a 4500 | ||
|---|---|---|---|
| 003 | CEME | ||
| 005 | 20210628201636.0 | ||
| 008 | 210212b xxu||||| |||| 00| 0 eng d | ||
| 020 | _a0-8311-3053-9 | ||
| 040 | _c. | ||
| 082 | _a681.2 FAR | ||
| 100 |
_aCurtis, Mark.A Farago, Francis.T _956136 |
||
| 245 | _aHandbook of dimensional measurement | ||
| 260 |
_aNEW YORK _bINDUSTRIAL PRESS _c1994 |
||
| 300 | _aXXII,580P | ||
| 650 |
_aMENSURATION MEASURING INSTRUMENTS DIMENSIONAL MEASUREMENT _956137 |
||
| 942 |
_cBK _2ddc |
||
| 999 |
_c566654 _d566654 |
||